Top 10 des études les plus difficiles - Statistiques

Statistiques générales
  • Ce quiz a été pris 354 fois
  • Le résultat moyen est 4 sur 9
Statistiques - réponses
Hint Réponse % Correct
48% Médecine / Dentiste / Pharmacie
97%
30% Droit
80%
64% Mathématiques
44%
26% Economie
32%
37% Chimie / Biochimie
31%
46% Informatique
21%
29% Finance
19%
18% Langues
19%
32% Architecture
14%
Aucun quiz correspondant
Distribution des résultats
% des personnes avec chaque résultat
Percentile par nombre de réponses
Votre historique - résultats
Vous n’avez pas pris ce quiz